[Event "Istanbul op-A 12th"]
[Site "Istanbul"]
[Date "2013.10.13"]
[Round "2"]
[White "Zengin, Sedat"]
[Black "Okuyaz, Duru"]
[Result "1-0"]
[WhiteElo "2020"]
[BlackElo "1669"]
[PlyCount "87"]
[EventDate "2013.10.12"]
[EventType "swiss"]
[EventRounds "9"]
[EventCountry "TUR"]
[SourceTitle "EXT 2014"]
[Source "ChessBase"]
[SourceDate "2013.11.20"]
[SourceVersion "1"]
[SourceVersionDate "2013.11.20"]
[SourceQuality "1"]

1. e4 c5 2. Nf3 e6 3. g3 d5 4. exd5 exd5 5. Bg2 Nc6 6. 0-0 Nf6 7. d4 c4 8. Nc3 Be7 9. Ne5 0-0 10. b3 cxb3 11. axb3 h6 12. h3 Re8 13. Nb5 Qb6 14. c4 dxc4 15. bxc4 Nxe5 16. dxe5 Nd7 17. Bf4 Nc5 18. Nd6 Bxd6 19. exd6 Bf5 20. Be3 Rxe3 21. fxe3 Bd3 22. Rf4 Qxd6 23. Ra5 Re8 24. Rxc5 Qxc5 25. Qxd3 Rxe3 26. Qd8+ Re8+ 27. Qd4 Qxd4+ 28. Rxd4 Re7 29. Rd8+ Kh7 30. Ra8 b6 31. Bd5 Kg6 32. Kf2 Kf5 33. Kf3 Ke5 34. Rf8 f6 35. Ke3 b5 36. Rf7 Rxf7 37. Bxf7 b4 38. c5 a5 39. Kd3 f5 40. Kc4 Kf6 41. c6 Ke7 42. Kc5 a4 43. c7 Kd7 44. Kb6 1-0

[Event "Istanbul op-A 12th"]
[Site "Istanbul"]
[Date "2013.10.12"]
[Round "1"]
[White "Acar, Utku Cengiz"]
[Black "Zengin, Sedat"]
[Result "0-1"]
[WhiteElo "1704"]
[BlackElo "2020"]
[PlyCount "86"]
[EventDate "2013.10.12"]
[EventType "swiss"]
[EventRounds "9"]
[EventCountry "TUR"]
[SourceTitle "EXT 2014"]
[Source "ChessBase"]
[SourceDate "2013.11.20"]
[SourceVersion "1"]
[SourceVersionDate "2013.11.20"]
[SourceQuality "1"]

1. e4 d6 2. d4 Nf6 3. Nc3 g6 4. Nf3 Bg7 5. Be2 0-0 6. 0-0 Bg4 7. Ng5 Bxe2 8. Qxe2 Nc6 9. Rd1 Nd7 10. Be3 e5 11. Nf3 exd4 12. Nxd4 Re8 13. f3 Qh4 14. Bf2 Qh5 15. Nd5 Bxd4 16. Bxd4 Qxd5 17. exd5 Rxe2 18. dxc6 bxc6 19. Rac1 c5 20. Bc3 Nb6 21. Kf1 Rae8 22. Ba5 f6 23. b3 Kf7 24. a4 R2e5 25. Bc3 Rh5 26. Kg1 Nd5 27. Ba5 Nb6 28. Be1 Rd5 29. Kf1 Ke6 30. Bg3 Kd7 31. Kf2 Rxd1 32. Rxd1 Kc6 33. c4 Nd7 34. f4 f5 35. Bh4 Nf8 36. Bf6 Re4 37. g3 Ne6 38. a5 a6 39. h3 h5 40. Rd2 Nd4 41. Bxd4 cxd4 42. b4 d3 43. Rxd3 Rxc4 0-1

[Event "NATO-ch 23nd"]
[Site "Brest"]
[Date "2012.10.05"]
[Round "7"]
[White "Portman, Carl S"]
[Black "Zengin, Sedat"]
[Result "0-1"]
[WhiteElo "1994"]
[BlackElo "2056"]
[PlyCount "56"]
[EventDate "2012.10.01"]
[EventType "swiss"]
[EventRounds "7"]
[EventCountry "FRA"]
[SourceTitle "CBM 150 Extra"]
[Source "ChessBase"]
[SourceDate "2012.10.19"]
[SourceVersion "1"]
[SourceVersionDate "2012.10.19"]
[SourceQuality "1"]

1. c4 Nf6 2. Nc3 g6 3. g3 d5 4. cxd5 Nxd5 5. Bg2 Nb6 6. Nf3 Bg7 7. 0-0 0-0 8. b3 Nc6 9. Bb2 a5 10. Qc1 e5 11. d3 a4 12. Nxa4 Nxa4 13. bxa4 Rxa4 14. Qc2 Ra6 15. Rfc1 Be6 16. Nd2 Bd5 17. Ne4 Bh6 18. e3 Bg7 19. Nc5 Bxg2 20. Nxa6 Bf3 21. Nc5 Qc8 22. Kf1 Qh3+ 23. Ke1 Qg2 24. Ne4 Rd8 25. Qb3 Qg1+ 26. Kd2 Qxh2 27. Kc3 Bxe4 28. dxe4 Qxf2 0-1

[Event "NATO-ch 23nd"]
[Site "Brest"]
[Date "2012.10.04"]
[Round "5"]
[White "Nyberg, Darwin"]
[Black "Zengin, Sedat"]
[Result "1-0"]
[WhiteElo "1971"]
[BlackElo "2056"]
[PlyCount "63"]
[EventDate "2012.10.01"]
[EventType "swiss"]
[EventRounds "7"]
[EventCountry "FRA"]
[SourceTitle "CBM 150 Extra"]
[Source "ChessBase"]
[SourceDate "2012.10.19"]
[SourceVersion "1"]
[SourceVersionDate "2012.10.19"]
[SourceQuality "1"]

1. e4 d6 2. d4 Nf6 3. Nc3 g6 4. Be2 Bg7 5. h4 h5 6. Nf3 a6 7. Bg5 b5 8. a4 b4 9. Bxf6 Bxf6 10. Nd5 a5 11. Nxf6+ exf6 12. Qd2 Qe7 13. Qf4 Bb7 14. Bb5+ Kf8 15. 0-0-0 Kg7 16. Rhe1 Qe6 17. e5 Rd8 18. d5 Qf5 19. Qxf5 gxf5 20. e6 fxe6 21. Rxe6 Kf7 22. Rde1 Bxd5 23. Re7+ Kg6 24. Nd4 c5 25. Ne2 Bc6 26. Nf4+ Kh6 27. R1e6 Rf8 28. Rxd6 Bxb5 29. axb5 a4 30. Ne6 Nc6 31. bxc6 Rg8 32. Ng5 1-0

[Event "NATO-ch 23nd"]
[Site "Brest"]
[Date "2012.10.03"]
[Round "4"]
[White "Zengin, Sedat"]
[Black "Onley, David E"]
[Result "0-1"]
[WhiteElo "2056"]
[BlackElo "2107"]
[PlyCount "85"]
[EventDate "2012.10.01"]
[EventType "swiss"]
[EventRounds "7"]
[EventCountry "FRA"]
[SourceTitle "CBM 150 Extra"]
[Source "ChessBase"]
[SourceDate "2012.10.19"]
[SourceVersion "1"]
[SourceVersionDate "2012.10.19"]
[SourceQuality "1"]

1. e4 c5 2. Nf3 e6 3. d4 cxd4 4. Nxd4 Nc6 5. Nc3 a6 6. Nxc6 bxc6 7. Bd3 d5 8. 0-0 Bd6 9. Re1 Ne7 10. Qh5 Rb8 11. e5 Bc5 12. Bg5 Qc7 13. Na4 Ba7 14. c4 Ng6 15. cxd5 cxd5 16. Rac1 Qa5 17. b3 Bd7 18. Qe2 Bxa4 19. bxa4 Qxa4 20. Bxa6 0-0 21. Bd3 Bd4 22. Bc2 Qa7 23. Rcd1 Rb2 24. Bc1 Rxa2 25. Be3 Bxe3 26. fxe3 Rc8 27. Rd2 Ra1 28. Rdd1 Ra3 29. Rd4 Rcc3 30. Qd2 Nxe5 31. Ra4 Qc7 32. Ra1 Rxa1+ 33. Rxa1 g6 34. Ra8+ Kg7 35. Bd1 Qc5 36. Kf2 Rd3 37. Qe1 Nc4 38. Bf3 Rxe3 39. Qa1+ Re5+ 40. Kg3 Qe3 41. h4 Nd2 42. Ra2 Nxf3 43. gxf3 0-1

[Event "Istanbul op-A 11th"]
[Site "Istanbul"]
[Date "2012.09.08"]
[Round "9"]
[White "Atakisi, Umut"]
[Black "Zengin, Sedat"]
[Result "1-0"]
[WhiteElo "2321"]
[BlackElo "2090"]
[PlyCount "81"]
[EventDate "2012.08.30"]
[EventType "swiss"]
[EventRounds "9"]
[EventCountry "TUR"]
[SourceTitle "CBM 150 Extra"]
[Source "ChessBase"]
[SourceDate "2012.10.19"]
[SourceVersion "1"]
[SourceVersionDate "2012.10.19"]
[SourceQuality "1"]

1. e4 d6 2. d4 Nf6 3. Nc3 g6 4. h3 a6 5. g4 b5 6. Bg2 Bb7 7. a3 h6 8. Be3 Nbd7 9. Nge2 Nb6 10. b3 Bg7 11. Qd2 h5 12. g5 Nfd7 13. 0-0 c5 14. f4 cxd4 15. Bxd4 Bxd4+ 16. Qxd4 0-0 17. f5 Qc7 18. Rf2 Rac8 19. Rd1 Qc5 20. f6 Qxg5 21. fxe7 Rfe8 22. Qxd6 Rxe7 23. Rd3 Qe5 24. Kf1 Re6 25. Qxe5 Nxe5 26. Re3 Ned7 27. Ke1 Rce8 28. Nf4 R6e7 29. Rfe2 Nf6 30. Kf2 Rd8 31. e5 Nh7 32. Bxb7 Rxb7 33. e6 Ng5 34. Rg3 Nxe6 35. Nxe6 fxe6 36. Rxg6+ Kh7 37. Rexe6 Rd2+ 38. Ke1 Rxc2 39. Ne4 Nd5 40. Ng5+ Kh8 41. Re8# 1-0

[Event "Istanbul op-A 11th"]
[Site "Istanbul"]
[Date "2012.09.05"]
[Round "6"]
[White "Zengin, Sedat"]
[Black "Cannesar, Rad"]
[Result "1/2-1/2"]
[WhiteElo "2090"]
[BlackElo "1754"]
[PlyCount "61"]
[EventDate "2012.08.30"]
[EventType "swiss"]
[EventRounds "9"]
[EventCountry "TUR"]
[SourceTitle "CBM 150 Extra"]
[Source "ChessBase"]
[SourceDate "2012.10.19"]
[SourceVersion "1"]
[SourceVersionDate "2012.10.19"]
[SourceQuality "1"]

1. e4 c5 2. Nf3 d6 3. Bb5+ Bd7 4. Bxd7+ Nxd7 5. 0-0 Ngf6 6. d3 g6 7. Ng5 Bg7 8. f4 Qc7 9. Nd2 0-0 10. Qe2 b5 11. Ndf3 h6 12. Nxf7 Rxf7 13. e5 dxe5 14. fxe5 Ng4 15. e6 Rf5 16. exd7 Raf8 17. d8Q Qxd8 18. h3 Ne5 19. Nh2 Rxf1+ 20. Nxf1 Qd4+ 21. Qe3 Nc6 22. c3 Qd5 23. Bd2 Ne5 24. Re1 Nxd3 25. Re2 Nf4 26. Rf2 e5 27. Kh2 e4 28. Ng3 Be5 29. Kh1 Qd3 30. Nxe4 Qb1+ 31. Qe1 1/2-1/2

[Event "Kesan op 10th"]
[Site "Kesan"]
[Date "2012.07.29"]
[Round "2"]
[White "Quparadze, Giga"]
[Black "Zengin, Sedat"]
[Result "1-0"]
[WhiteElo "2451"]
[BlackElo "2075"]
[PlyCount "83"]
[EventDate "2012.07.28"]
[EventType "swiss"]
[EventRounds "9"]
[EventCountry "TUR"]
[SourceTitle "CBM 149 Extra"]
[Source "ChessBase"]
[SourceDate "2012.08.24"]
[SourceVersion "1"]
[SourceVersionDate "2012.08.24"]
[SourceQuality "1"]

1. e4 c5 2. Nf3 Nc6 3. Nc3 Nf6 4. d4 cxd4 5. Nxd4 e5 6. Ndb5 d6 7. Nd5 Nxd5 8. exd5 Nb8 9. c4 Be7 10. Be2 0-0 11. 0-0 a6 12. Nc3 f5 13. Kh1 Nd7 14. f4 Bf6 15. g3 b6 16. Qc2 g6 17. a4 a5 18. Be3 exf4 19. gxf4 Re8 20. Rf3 Nc5 21. Bf1 Qe7 22. Bg1 Bd7 23. Bg2 Qg7 24. Rd1 Re7 25. b3 Rae8 26. Bf1 Re1 27. Ne2 Rxd1 28. Qxd1 Re4 29. Ng3 Re8 30. Nh5 Qe7 31. Nxf6+ Qxf6 32. Bd4 Qe7 33. Bc3 Ne4 34. Bb2 Kf7 35. Bg2 Qh4 36. Bd4 h5 37. Bxb6 Nc3 38. Qd2 Re1+ 39. Rf1 Rxf1+ 40. Bxf1 Ne4 41. Qe3 Nf2+ 42. Qxf2 1-0

[Event "NATO-ch 22nd"]
[Site "Kaunas"]
[Date "2011.08.09"]
[Round "3"]
[White "Harwood, Duncan"]
[Black "Zengin, Sedat"]
[Result "1-0"]
[WhiteElo "2010"]
[BlackElo "2064"]
[PlyCount "101"]
[EventDate "2011.08.08"]
[EventType "swiss"]
[EventRounds "7"]
[EventCountry "LTU"]
[SourceTitle "CBM 143 Extra"]
[Source "ChessBase"]
[SourceDate "2011.08.29"]
[SourceVersion "1"]
[SourceVersionDate "2011.08.29"]
[SourceQuality "1"]

1. e4 c5 2. Nf3 Nc6 3. d4 cxd4 4. Nxd4 Nf6 5. Nc3 e5 6. Ndb5 d6 7. Nd5 Nxd5 8. exd5 Nb8 9. c4 Be7 10. Be2 0-0 11. 0-0 a6 12. Nc3 f5 13. f4 Nd7 14. Kh1 Bf6 15. Be3 exf4 16. Bxf4 Be5 17. Bxe5 Nxe5 18. Qd4 Rf6 19. c5 Rh6 20. cxd6 Qxd6 21. Qf4 Bd7 22. a4 Kh8 23. g3 Rg8 24. Rae1 g5 25. Qd4 Qf6 26. Qe3 f4 27. Qf2 Bh3 28. Ne4 Qf5 29. Nd2 Bxf1 30. Rxf1 Nf7 31. Bf3 fxg3 32. Qxg3 Qf4 33. Qg2 Nd6 34. Bg4 Qe5 35. Be6 Rgg6 36. Rf8+ Kg7 37. Rg8+ Kf6 38. Qf2+ Nf5 39. Rf8+ Kg7 40. Rxf5 Rf6 41. Rxf6 Rxf6 42. Qg3 Rf4 43. Nf3 Qf6 44. Nxg5 Rf1+ 45. Kg2 Rb1 46. Qc7+ Kh6 47. Qxh7+ Kxg5 48. Qxb1 Qd4 49. Qf5+ Kh6 50. Qh3+ Kg5 51. Qg4+ 1-0

[Event "NATO-ch 22nd"]
[Site "Kaunas"]
[Date "2011.08.08"]
[Round "1"]
[White "Vaznonis, Vytautas"]
[Black "Zengin, Sedat"]
[Result "1/2-1/2"]
[WhiteElo "2395"]
[BlackElo "2064"]
[PlyCount "56"]
[EventDate "2011.08.08"]
[EventType "swiss"]
[EventRounds "7"]
[EventCountry "LTU"]
[SourceTitle "CBM 143 Extra"]
[Source "ChessBase"]
[SourceDate "2011.08.29"]
[SourceVersion "1"]
[SourceVersionDate "2011.08.29"]
[SourceQuality "1"]

1. d4 Nf6 2. c4 g6 3. Nc3 Bg7 4. e4 d6 5. Nf3 0-0 6. Be2 e5 7. 0-0 exd4 8. Nxd4 Re8 9. f3 Nc6 10. Nxc6 bxc6 11. Bg5 Rb8 12. Qd2 Qe7 13. Rac1 Qe5 14. Be3 Qa5 15. b3 Nd7 16. Rfe1 Nc5 17. Bd4 Bxd4+ 18. Qxd4 Ne6 19. Qf2 Qc5 20. Na4 Qxf2+ 21. Kxf2 c5 22. Nc3 Bb7 23. Bf1 Nd4 24. Nb5 Ne6 25. g3 a6 26. Nc3 Nd4 27. Ne2 Nc6 28. Nc3 Nd4 1/2-1/2

[Event "NATO-ch 18th"]
[Site "Ankara"]
[Date "2007.09.06"]
[Round "6"]
[White "De Waard, Marco"]
[Black "Zengin, Sedat"]
[Result "1/2-1/2"]
[WhiteElo "2150"]
[BlackElo "2069"]
[PlyCount "30"]
[EventDate "2007.09.01"]
[EventType "swiss"]
[EventRounds "7"]
[EventCountry "TUR"]
[SourceTitle "EXT 2008"]
[Source "ChessBase"]
[SourceDate "2007.11.25"]
[SourceVersion "1"]
[SourceVersionDate "2007.11.25"]
[SourceQuality "1"]
[WhiteTeam "Netherlands"]
[BlackTeam "Turkey"]
[WhiteTeamCountry "NED"]
[BlackTeamCountry "TUR"]

1. d4 Nf6 2. c4 g6 3. Nc3 Bg7 4. e4 d6 5. f4 0-0 6. Nf3 c5 7. d5 e6 8. Be2 exd5 9. cxd5 Bg4 10. 0-0 Re8 11. h3 Bxf3 12. Bxf3 Nbd7 13. Re1 Qa5 14. Bd2 Qb4 15. a4 Qd4+ 1/2-1/2

[Event "NATO-ch 17th"]
[Site "Berkshire"]
[Date "2006.08.24"]
[Round "6"]
[White "Zengin, Sedat"]
[Black "Pioch, Zygmunt"]
[Result "1-0"]
[WhiteElo "2046"]
[BlackElo "2202"]
[PlyCount "103"]
[EventDate "2006.08.21"]
[EventType "swiss"]
[EventRounds "7"]
[EventCountry "ENG"]
[SourceTitle "EXT 2007"]
[Source "ChessBase"]
[SourceDate "2006.11.23"]
[SourceVersion "1"]
[SourceVersionDate "2006.11.23"]
[SourceQuality "1"]

1. e4 e5 2. Nf3 Nc6 3. Bb5 a6 4. Ba4 Nf6 5. 0-0 b5 6. Bb3 Bc5 7. c3 d6 8. d4 Bb6 9. a4 Bg4 10. axb5 axb5 11. Rxa8 Qxa8 12. h3 Bh5 13. Qd3 0-0 14. Bg5 Na5 15. Bc2 Nd7 16. Nbd2 h6 17. Be3 c6 18. Ra1 Qd8 19. b4 Nb7 20. Ra6 Qc7 21. d5 cxd5 22. Bxb6 Nxb6 23. Qxb5 Nc4 24. Rc6 Qd7 25. Qxd5 Nxd2 26. Nxd2 Rc8 27. Ba4 Qd8 28. Rxc8 Qxc8 29. Qc6 Qxc6 30. Bxc6 Nd8 31. Bd5 Be2 32. c4 Bd1 33. b5 Ba4 34. Nb1 Kf8 35. Nc3 Bb3 36. b6 Ke7 37. b7 Nxb7 38. Bxb7 Bxc4 39. Nd5+ Kd8 40. Ne3 Be6 41. Nf5 Bxf5 42. exf5 f6 43. Bd5 Kc7 44. f4 Kb6 45. fxe5 fxe5 46. Kf2 Kc5 47. Bb7 Kd4 48. Kf3 d5 49. g4 Kc5 50. h4 Kd6 51. g5 h5 52. g6 1-0

[Event "TUR-ch"]
[Site "Kusadasi"]
[Date "2004.03.05"]
[Round "9"]
[White "Zengin, Sedat"]
[Black "Yagiz, Yasin Emrah"]
[Result "0-1"]
[WhiteElo "2102"]
[BlackElo "2199"]
[PlyCount "104"]
[EventDate "2004.02.28"]
[EventType "swiss"]
[EventRounds "12"]
[EventCountry "TUR"]
[SourceTitle "CBM 099 Extra"]
[Source "ChessBase"]
[SourceDate "2004.05.04"]
[SourceVersion "1"]
[SourceVersionDate "2004.05.04"]
[SourceQuality "1"]

1. e4 e5 2. Nf3 Nc6 3. Bb5 a6 4. Ba4 Nf6 5. 0-0 Be7 6. Re1 b5 7. Bb3 0-0 8. a4 b4 9. a5 d6 10. d3 Bg4 11. Nbd2 Nd4 12. Bc4 c5 13. h3 Bxf3 14. Nxf3 Nc6 15. Bg5 Ne8 16. Bd5 Rc8 17. Bd2 Bf6 18. c3 bxc3 19. bxc3 Qc7 20. Qa4 Bd8 21. Reb1 Nf6 22. Qc4 Qa7 23. Bxc6 Rxc6 24. Bg5 Nd7 25. Rb3 Bxg5 26. Nxg5 h6 27. Rab1 Rc7 28. Nf3 Qa8 29. Nd2 Rd8 30. Qa4 c4 31. Rb6 Nc5 32. Qxc4 Qc8 33. Qd5 Rcd7 34. d4 Nd3 35. Qc4 Nf4 36. Qxc8 Rxc8 37. Rxa6 Rxc3 38. dxe5 dxe5 39. Nf3 Nxh3+ 40. gxh3 Rxf3 41. Kg2 Rf4 42. f3 Rd2+ 43. Kg3 h5 44. h4 Rd3 45. Rf1 Rxe4 46. Ra8+ Kh7 47. a6 Ra4 48. Re1 e4 49. Kg2 Ra2+ 50. Kf1 exf3 51. Rf8 f2 52. Rc1 Rg3 0-1

[Event "NATO-ch 10th"]
[Site "Stetten"]
[Date "1999.09.16"]
[Round "5.19"]
[White "Steffers, Hendrik"]
[Black "Zengin, Sedat"]
[Result "1-0"]
[WhiteElo "1893"]
[BlackElo "1969"]
[PlyCount "36"]
[EventDate "1999.09.13"]
[EventType "swiss"]
[EventRounds "7"]
[EventCountry "GER"]
[SourceTitle "EXT 2008"]
[Source "ChessBase"]
[SourceDate "2007.11.25"]
[SourceVersion "1"]
[SourceVersionDate "2007.11.25"]
[SourceQuality "1"]

1. d4 Nf6 2. Nf3 g6 3. e3 Bg7 4. Be2 0-0 5. 0-0 d6 6. c4 Nbd7 7. Nc3 c6 8. Qc2 e5 9. Rd1 Qe7 10. e4 a5 11. d5 cxd5 12. cxd5 Nc5 13. Be3 b6 14. a3 a4 15. Bxc5 bxc5 16. Nxa4 Qa7 17. Qc3 Nh5 18. g3 f5 1-0